Coulson on construction adjudication (Record no. 121218)

MARC details
000 -LEADER
fixed length control field 01382cam a22002775a 4500
001 - CONTROL NUMBER
control field K121218
008 - FIXED-LENGTH DATA ELEMENTS--GENERAL INFORMATION
fixed length control field 071221s2018 xxk f 000 0 eng d
020 ## - INTERNATIONAL STANDARD BOOK NUMBER
ISBN 9780198822110
035 ## - SYSTEM CONTROL NUMBER
System control number (Sirsi) u159194
041 0# - LANGUAGE CODE
Language code of text/sound track or separate title eng
050 04 - Library of Congress Classification
Class mark 347.4107 $2 18
100 1# - MAIN ENTRY--PERSONAL NAME
Personal author Coulson, Peter
245 00 - TITLE STATEMENT
Title Coulson on construction adjudication
250 ## - EDITION
Edition statement 4th ed
260 ## - PUBLICATION INFORMATION
Place of publication Oxford
Publisher Oxford University Press
Date 2018
300 ## - PHYSICAL DESCRIPTION
Physical description xxxv, 633p.
Dimensions 26cm.
520 ## - ABSTRACT
Abstract Deals comprehensively with the law and practice of adjudication in construction and engineering disputes. Covers the Housing Grants, Construction and Regeneration Act 1996; Local Democracy, Economic Development and Construction Act 2009; other types of adjudication such as the contractual adjudication procedures set out in standard forms of contracts; issues of fairness and natural justice, and enforcement. Also offers a practical guide to the adjudication process. Includes a table of cases and table of legislation, treaties and conventions.
520 ## - ABSTRACT
Abstract Supersedes 3rd ISBN 9780198726548
650 24 - KEYWORDS
Keywords HOUSING GRANTS, CONSTRUCTION AND REGENERATION ACT 1996
650 24 - KEYWORDS
Keywords LOCAL DEMOCRACY, ECONOMIC DEVELOPMENT AND CONSTRUCTION ACT 2009
650 24 - KEYWORDS
Keywords Grove Developments Ltd v S@T (UK) Ltd
650 24 - KEYWORDS
Keywords Adjudication
651 #4 - SUBJECT ADDED ENTRY--GEOGRAPHIC NAME
Geographic name England and Wales
690 ## - BROAD SUBJECT
Broad subject Dispute resolution
9 (RLIN) 6236
942 ## - ADDED ENTRY ELEMENTS (KOHA)
Suppress in OPAC Do not suppress in OPAC
Holdings
Lost status Source of classification or shelving scheme Damaged status Not for loan Home library Current library Shelving location Date acquired Total Checkouts Full call number Date last seen Price effective from Koha item type
  Dewey Decimal Classification     London London Books 02/03/2020   347.4107 COU 02/03/2020 02/03/2020 Book